<?xml version="1.0" encoding="UTF-8"?>
<marc:record xmlns:marc="http://www.loc.gov/MARC21/slim">
   <marc:leader>00000nam a2200000 a 4500</marc:leader>
   <marc:datafield ind1="1" ind2=" " tag="100">
      <marc:subfield code="a">Morgen, Clara</marc:subfield>
      <marc:subfield code="4">ctb</marc:subfield>
      <marc:subfield code="e">Mitwirkende/-r</marc:subfield>
   </marc:datafield>
   <marc:datafield ind1=" " ind2=" " tag="653">
      <marc:subfield code="a">Intersexuell</marc:subfield>
   </marc:datafield>
   <marc:datafield ind1=" " ind2=" " tag="653">
      <marc:subfield code="a">Transsexuell</marc:subfield>
   </marc:datafield>
   <marc:datafield ind1=" " ind2=" " tag="653">
      <marc:subfield code="a">Hermaphrodit</marc:subfield>
   </marc:datafield>
   <marc:datafield ind1=" " ind2=" " tag="653">
      <marc:subfield code="a">Geschlechterrolle</marc:subfield>
   </marc:datafield>
   <marc:datafield ind1=" " ind2=" " tag="653">
      <marc:subfield code="a">Genderforschung</marc:subfield>
   </marc:datafield>
   <marc:datafield ind1=" " ind2=" " tag="653">
      <marc:subfield code="a">Softcover / Soziologie/Frauenforschung</marc:subfield>
   </marc:datafield>
   <marc:datafield ind1=" " ind2=" " tag="653">
      <marc:subfield code="a">Geschlechterforschung</marc:subfield>
   </marc:datafield>
   <marc:datafield ind1=" " ind2=" " tag="653">
      <marc:subfield code="a">Genderforschung; Geschlechterrolle; Hermaphrodit; Intersexuell; Transsexuell; Transinterqueer; Antidiskriminierung; Drittes Geschlecht; Queer; Transgender; Sexuelle Identität</marc:subfield>
   </marc:datafield>
   <marc:datafield ind1=" " ind2=" " tag="653">
      <marc:subfield code="a">Erlebnisbericht</marc:subfield>
   </marc:datafield>
   <marc:datafield ind1="0" ind2="0" tag="245">
      <marc:subfield code="a">Mein intersexuelles Kind</marc:subfield>
   </marc:datafield>
   <marc:datafield ind1="0" ind2="0" tag="245">
      <marc:subfield code="b">weiblich, männlich, fließend</marc:subfield>
   </marc:datafield>
   <marc:datafield ind1="0" ind2="0" tag="245">
      <marc:subfield code="c">Clara Morgen</marc:subfield>
   </marc:datafield>
   <marc:datafield ind1=" " ind2="1" tag="264">
      <marc:subfield code="a">Berlin</marc:subfield>
      <marc:subfield code="b">Transit</marc:subfield>
      <marc:subfield code="c">2013</marc:subfield>
   </marc:datafield>
   <marc:datafield ind1="1" ind2=" " tag="520">
      <marc:subfield code="a">Angaben aus der Verlagsmeldung

Mein intersexuelles Kind : weiblich männlich fließend / von Clara Morgen

Ein Kind wird geboren, aber es passt partout nicht in das Schema Hellblau-Rosa oder Junge-Mädchen. Was aufgrund genetischer Konditionen als seltene, aber trotzdem »natürliche« Variante gelten muss, entwickelt sich für das Kind und seine Eltern zu einer schwierigen Kette von Problemen und Entscheidungen, meistens begleitet von Ängsten, Unwissenheit, Vorurteilen und Fehlinformationen.Clara Morgen schreibt über ihr Leben mit ihrem Kind, das zunächst Franz, dann aber nach ärztlichem Gutachten Franzi genannt wird, über Ärztinnen und Ärzte und deren Diagnosen, über die Fragen der Offenheit gegenüber dem Kind und dem Freundes- oder Bekanntenkreis, über die fatalen Probleme und Folgen von Operationen, über Selbstzweifel und schlechtes Gewissen. Aber auch über das Glück, dieses Kind besonders zu lieben und in einer Umgebung aufwachsen zu sehen, die das »Anderssein« akzeptiert und so dem Kind das notwendige Selbstbewusstsein und die Würde gibt, die jedes Kind zum Aufwachsen und Erwachsenwerden braucht. Eine sehr persönliche Erzählung, ergänzt durch Interviews mit anderen Eltern, Ärztinnen und Ärzten, intersexuellen Menschen und Interessengruppen.
</marc:subfield>
   </marc:datafield>
   <marc:datafield ind1=" " ind2=" " tag="020">
      <marc:subfield code="a">9783887472924</marc:subfield>
      <marc:subfield code="9">9783887472924</marc:subfield>
   </marc:datafield>
   <marc:datafield ind1=" " ind2=" " tag="041">
      <marc:subfield code="a">ger</marc:subfield>
   </marc:datafield>
   <marc:datafield ind1=" " ind2=" " tag="300">
      <marc:subfield code="a">126 S.</marc:subfield>
   </marc:datafield>
</marc:record>
